Central Library and Information Centre
Sibsagar Girls' College, Sivasagar : Assam

BASIC PRINCIPLES OF PHYSICS (VOL-I) (Record no. 9065)

MARC details
000 -LEADER
fixed length control field 00435cam a2200181ua 4500
008 - FIXED-LENGTH DATA ELEMENTS--GENERAL INFORMATION
fixed length control field 160627n II |||gr||||Z||||||eng
040 ## - CATALOGING SOURCE
Original cataloging agency MAIN
041 ## - LANGUAGE CODE
-- English
082 ## - DEWEY DECIMAL CLASSIFICATION NUMBER
Classification number 530 MOH
100 ## - MAIN ENTRY--PERSONAL NAME
Personal name MOHINDROO,K.K.
245 ## - TITLE STATEMENT
Title BASIC PRINCIPLES OF PHYSICS (VOL-I)
260 ## - PUBLICATION, DISTRIBUTION, ETC.
Place of publication, distribution, etc. NEW DELHI:
Name of publisher, distributor, etc. PITAMBAR PUB.,
Date of publication, distribution, etc. 1999.
300 ## - PHYSICAL DESCRIPTION
Extent 870:
Dimensions 24CM.
700 ## - ADDED ENTRY--PERSONAL NAME
Personal name MOHINDROO,K.K.,
Relator term Author.
942 ## - ADDED ENTRY ELEMENTS (KOHA)
Koha item type Books
653 ## - INDEX TERM--UNCONTROLLED
Uncontrolled term Physics
Holdings
Withdrawn status Lost status Damaged status Not for loan Collection code Home library Current library Shelving location Date acquired Total Checkouts Full call number Barcode Date last seen Date last checked out Copy number Price effective from Koha item type
        REFPHY Central Library and Information Centre Sibsagar Girls College Central Library and Information Centre Sibsagar Girls College Physics Rack 01.08.2006 1 530 MOH 21377 07.02.2022 08.12.2021 1 27.02.2020 Books


Sibsagar Girl's College © 2020. All rights reserved.
Powered by Koha.
Maintained by Abhijit Borpuzari.